000 00605nam a2200229Ia 4500
003 OSt
005 20220928103637.0
006 a|||||r|||| 00| 0
007 ta
008 220927b |||||||| |||| 00| 0 eng d
024 _a50402
037 _cTextual
040 _aSDCL
_cSDCL
_beng
041 _2eng
_aeng
082 _aO4445, L2
100 _aKashyap Padam Chandra
_9406112
245 0 _aKullui lok sahitya.
260 _aNew Delhi
_bNational Publishing House
_c1972
300 _a233p
_ccm.
942 _hO4445, L2
_cTEXL
_2CC
999 _c721704
_d721704